000 00443cam a22001217a 4500
008 180718b1967 xxu||||| |||| 00| 0 eng d
082 _aA81x54 In2/61/11/Pt6/7
100 _aCensus of India 1961
245 _aMysore: village survey monographs, Yellambalase village, Kadur taluk, Chikmagalur district
260 _aDelhi
_bThe Manager of Publications
_c1967
300 _a76+p.
440 _aCensus of India 1961. Volume XI, Mysore. Part VI. No. 7
999 _c483966
_d483966